[Event "San Francisco TNM Fall op"]
[Site "San Francisco"]
[Date "2017.11.14"]
[Round "4"]
[White "Thornally, Frank"]
[Black "Kuczek, Kevin W"]
[Result "0-1"]
[WhiteElo "2048"]
[BlackElo "1883"]
[PlyCount "62"]
[EventDate "2017.10.24"]
[EventType "swiss"]
[EventRounds "9"]
[EventCountry "USA"]
[SourceTitle "EXT 2023"]
[Source "ChessBase"]
[SourceDate "2022.10.05"]
[SourceVersion "1"]
[SourceVersionDate "2022.10.05"]
[SourceQuality "1"]

1. Nf3 d5 2. c4 d4 3. e3 c5 4. b4 b6 5. Nxd4 cxd4 6. Qf3 Nc6 7. Qxc6+ Bd7 8. Qf3 e5 9. Qe4 Bd6 10. exd4 Nf6 11. Qe3 0-0 12. d5 Ng4 13. Qg3 f5 14. Be2 f4 15. Qf3 Qf6 16. Bb2 e4 17. Qb3 Be5 18. Bxe5 Nxe5 19. Nc3 f3 20. Nxe4 Nd3+ 21. Bxd3 Qxa1+ 22. Qb1 fxg2 23. Rg1 Qd4 24. Rxg2 Rae8 25. Ke2 Bh3 26. Rg3 Rxe4+ 27. Kd1 Rh4 28. f3 Bd7 29. Qb3 Rxh2 30. Kc2 Bf5 31. Bxf5 Qxd2+ 0-1

[Event "San Francisco TNM Summer op"]
[Site "San Francisco"]
[Date "2017.06.20"]
[Round "5"]
[White "Kuczek, Kevin W"]
[Black "Tuck, Drew"]
[Result "1-0"]
[WhiteElo "1789"]
[BlackElo "1607"]
[PlyCount "101"]
[EventDate "2017.05.23"]
[EventType "swiss"]
[EventRounds "8"]
[EventCountry "USA"]
[SourceTitle "EXT 2023"]
[Source "ChessBase"]
[SourceDate "2022.10.05"]
[SourceVersion "1"]
[SourceVersionDate "2022.10.05"]
[SourceQuality "1"]

1. e4 e5 2. Nf3 Nc6 3. d4 exd4 4. Nxd4 Bb4+ 5. c3 Bc5 6. Be3 Bb6 7. Nd2 Nge7 8. N2f3 0-0 9. Bd3 d5 10. 0-0 Bg4 11. h3 Bh5 12. Nxc6 Nxc6 13. exd5 Ne5 14. Be2 Qf6 15. Nxe5 Bxe2 16. Qxe2 Qxe5 17. Qf3 Rfd8 18. Rad1 Qe8 19. b3 Qb5 20. c4 Qb4 21. Rd3 Qa3 22. Qe2 Re8 23. Qd2 Ba5 24. Qc2 Bb4 25. Rfd1 Rad8 26. Bc1 Qa6 27. Bd2 Re2 28. Re3 Rxe3 29. Bxe3 Qf6 30. Bd4 Qg5 31. Qe4 b6 32. Qe5 Qxe5 33. Bxe5 Bd6 34. Bxd6 Rxd6 35. Kf1 Kf8 36. Ke2 Ke7 37. Ke3 f5 38. Kd4 c5+ 39. Ke5 Rg6 40. g3 Rf6 41. h4 h5 42. a4 a6 43. Kf4 g6 44. Re1+ Kf7 45. Ke5 Ke7 46. Kf4+ Kf7 47. Re5 a5 48. Kg5 Rd6 49. Re6 Rxe6 50. dxe6+ Kxe6 51. Kxg6 1-0

[Event "San Francisco TNM Winter op"]
[Site "San Francisco"]
[Date "2017.02.14"]
[Round "7"]
[White "Kuczek, Kevin W"]
[Black "Simpkins, Jerry"]
[Result "1-0"]
[WhiteElo "1881"]
[BlackElo "1602"]
[PlyCount "75"]
[EventDate "2017.01.03"]
[EventType "swiss"]
[EventRounds "8"]
[EventCountry "USA"]
[SourceTitle "EXT 2018"]
[Source "ChessBase"]
[SourceDate "2017.10.13"]
[SourceVersion "1"]
[SourceVersionDate "2017.10.13"]
[SourceQuality "1"]

1. e4 e5 2. Nf3 f5 3. Nxe5 Qf6 4. Nc4 fxe4 5. Nc3 Qg6 6. d3 Nf6 7. dxe4 Bb4 8. f3 0-0 9. Ne5 Qe8 10. Bc4+ d5 11. Bxd5+ Nxd5 12. Qxd5+ Be6 13. Qxb7 Bxc3+ 14. bxc3 Nd7 15. Nxd7 Qxd7 16. Qa6 Qf7 17. Be3 Bc4 18. Qa5 Rfd8 19. Kf2 Rd6 20. Rhd1 Ra6 21. Qg5 h6 22. Qc5 Rb8 23. Rd4 Ra4 24. Rad1 Rb2 25. R1d2 Rb1 26. Rd8+ Kh7 27. Qf5+ Qxf5 28. exf5 Rf1+ 29. Kg3 Rxa2 30. R8d7 c5 31. Bxc5 Ra5 32. Bd4 Rd5 33. Rxg7+ Kh8 34. Rc7+ Rxd4 35. Rxd4 Bg8 36. Rd8 Re1 37. Rxa7 Re5 38. Raa8 1-0

[Event "San Francisco TNM Winter op"]
[Site "San Francisco"]
[Date "2017.01.03"]
[Round "1"]
[White "Kuczek, Kevin W"]
[Black "Cowgill, Jackie P"]
[Result "1-0"]
[WhiteElo "1881"]
[BlackElo "1187"]
[PlyCount "43"]
[EventDate "2017.01.03"]
[EventType "swiss"]
[EventRounds "8"]
[EventCountry "USA"]
[SourceTitle "EXT 2018"]
[Source "ChessBase"]
[SourceDate "2017.10.13"]
[SourceVersion "1"]
[SourceVersionDate "2017.10.13"]
[SourceQuality "1"]

1. e4 e5 2. Nf3 Nc6 3. d4 exd4 4. Nxd4 d6 5. Bb5 Bd7 6. Bxc6 bxc6 7. Nc3 Nf6 8. 0-0 Be7 9. h3 0-0 10. b3 Re8 11. Bb2 a6 12. a4 Qc8 13. Qd3 c5 14. Nde2 Bc6 15. Ng3 h5 16. Nd5 Bxd5 17. exd5 Qb7 18. Rad1 h4 19. Nf5 Bf8 20. Bxf6 gxf6 21. Qf3 Be7 22. Qg4+ 1-0

[Event "San Francisco TNM Fall op"]
[Site "San Francisco"]
[Date "2016.12.13"]
[Round "9"]
[White "Poling, Scott"]
[Black "Kuczek, Kevin W"]
[Result "0-1"]
[WhiteElo "1918"]
[BlackElo "1742"]
[PlyCount "46"]
[EventDate "2016.10.18"]
[EventType "swiss"]
[EventRounds "9"]
[EventCountry "USA"]
[SourceTitle "EXT 2018"]
[Source "ChessBase"]
[SourceDate "2017.10.13"]
[SourceVersion "1"]
[SourceVersionDate "2017.10.13"]
[SourceQuality "1"]

1. d4 d5 2. c4 c6 3. Nf3 Nf6 4. Nc3 Bf5 5. cxd5 cxd5 6. Qb3 Qb6 7. Nxd5 Nxd5 8. Qxd5 e6 9. Qb3 Bb4+ 10. Bd2 Nc6 11. Bxb4 Nxb4 12. Rc1 0-0 13. Rc3 Rac8 14. e3 Bc2 15. Qa3 Bb1 16. Kd2 Nxa2 17. Rxc8 Rxc8 18. Bc4 Rxc4 19. Rxb1 Nb4 20. Rc1 Rxc1 21. Kxc1 Qc6+ 22. Kd2 Qc2+ 23. Ke1 Nd3+ 0-1

[Event "San Francisco TNM Fall op"]
[Site "San Francisco"]
[Date "2016.11.29"]
[Round "7"]
[White "Enkh, Tergelsar"]
[Black "Kuczek, Kevin W"]
[Result "0-1"]
[WhiteElo "1307"]
[BlackElo "1742"]
[PlyCount "36"]
[EventDate "2016.10.18"]
[EventType "swiss"]
[EventRounds "9"]
[EventCountry "USA"]
[SourceTitle "EXT 2018"]
[Source "ChessBase"]
[SourceDate "2017.10.13"]
[SourceVersion "1"]
[SourceVersionDate "2017.10.13"]
[SourceQuality "1"]

1. e4 e5 2. Nf3 Nc6 3. Bb5 Nf6 4. 0-0 Nxe4 5. Re1 Nd6 6. Bxc6 dxc6 7. Nxe5 Be7 8. d4 0-0 9. Nc3 Be6 10. Bf4 Nf5 11. Nf3 Bf6 12. Be3 Re8 13. Ne4 Bd5 14. Nxf6+ Qxf6 15. Ne5 Nh4 16. f3 Rxe5 17. dxe5 Qg6 18. Qd2 Nxf3+ 0-1

[Event "San Francisco TNM Winter op"]
[Site "San Francisco"]
[Date "2016.02.02"]
[Round "5"]
[White "Wang, Yuan1"]
[Black "Kuczek, Kevin W"]
[Result "0-1"]
[WhiteElo "2105"]
[BlackElo "1741"]
[PlyCount "42"]
[EventDate "2016.01.05"]
[EventType "swiss"]
[EventRounds "8"]
[EventCountry "USA"]
[SourceTitle "EXT 2018"]
[Source "ChessBase"]
[SourceDate "2017.10.13"]
[SourceVersion "1"]
[SourceVersionDate "2017.10.13"]
[SourceQuality "1"]

1. e4 e5 2. Nf3 Nc6 3. Bb5 Nf6 4. 0-0 Nxe4 5. d4 Nd6 6. Bxc6 dxc6 7. dxe5 Ne4 8. Qe2 Bf5 9. Rd1 Qc8 10. Nd4 Bc5 11. Be3 0-0 12. f3 Bxd4 13. Bxd4 Ng5 14. g4 Nxf3+ 15. Kh1 Bxg4 16. Qe3 Qf5 17. Na3 Nxe5 18. Qxe5 Bf3+ 19. Kg1 Qg4+ 20. Kf2 Bxd1 21. Rxd1 Rad8 0-1

[Event "San Francisco TNM Winter op"]
[Site "San Francisco"]
[Date "2016.01.19"]
[Round "3"]
[White "Kuczek, Kevin W"]
[Black "Tokatyan, Shant"]
[Result "1-0"]
[WhiteElo "1741"]
[BlackElo "1490"]
[PlyCount "87"]
[EventDate "2016.01.05"]
[EventType "swiss"]
[EventRounds "8"]
[EventCountry "USA"]
[SourceTitle "EXT 2018"]
[Source "ChessBase"]
[SourceDate "2017.10.13"]
[SourceVersion "1"]
[SourceVersionDate "2017.10.13"]
[SourceQuality "1"]

1. e4 e6 2. d4 d5 3. exd5 exd5 4. c4 Nf6 5. Nc3 c6 6. Bd3 Bd6 7. Nge2 0-0 8. Bg5 Nbd7 9. Qd2 dxc4 10. Bxc4 Re8 11. 0-0 b5 12. Bd3 Qc7 13. h3 b4 14. Na4 Ne4 15. Bxe4 Rxe4 16. Qc2 Re8 17. Be3 Nf6 18. Rac1 Bd7 19. Nc5 Rac8 20. Rfe1 Nd5 21. Bd2 Ne7 22. Bxb4 Rb8 23. Na6 Qb7 24. Bxd6 Rbc8 25. Nc5 Qb5 26. Nxd7 Qd5 27. Bxe7 Qxd7 28. Bc5 Re6 29. Ng3 Rce8 30. Rxe6 Rxe6 31. Qd2 Rg6 32. Re1 h5 33. Qe3 h4 34. Qe8+ Qxe8 35. Rxe8+ Kh7 36. Nf5 Re6 37. Rxe6 fxe6 38. Nxh4 a6 39. f4 Kg8 40. Kf2 Kf7 41. Ke3 Kf6 42. Ke4 g5 43. fxg5+ Kxg5 44. Nf3+ 1-0

[Event "Lansing op"]
[Site "Lansing"]
[Date "2002.09.02"]
[Round "6"]
[White "Kuczek, Kevin W"]
[Black "Moore, Robert"]
[Result "0-1"]
[WhiteElo "1439"]
[BlackElo "1609"]
[PlyCount "82"]
[EventDate "2002.08.30"]
[EventType "swiss"]
[EventRounds "7"]
[EventCountry "USA"]
[SourceTitle "EXT 2007"]
[Source "ChessBase"]
[SourceDate "2006.11.23"]
[SourceVersion "1"]
[SourceVersionDate "2006.11.23"]
[SourceQuality "1"]

1. e4 c5 2. Nc3 d6 3. g3 e6 4. Bg2 Be7 5. d3 Nf6 6. f4 Nc6 7. Nf3 0-0 8. 0-0 a6 9. d4 cxd4 10. Nxd4 Qb6 11. Be3 Qc7 12. Qd2 Ng4 13. Rab1 Nxe3 14. Qxe3 Nxd4 15. Qxd4 d5 16. Kh1 Bc5 17. Qa4 d4 18. Ne2 Bd7 19. Qb3 Bb5 20. Rfe1 Rfd8 21. a4 Bc6 22. Qc4 Bb6 23. b3 Ba7 24. Rbd1 e5 25. f5 Rac8 26. g4 Qe7 27. Qd3 b5 28. a5 b4 29. Qxa6 Qc5 30. Qd3 Bb5 31. Qg3 Qe7 32. Rd2 Bxe2 33. Rdxe2 Rc3 34. Bf3 Rdc8 35. Qg2 Qg5 36. h3 d3 37. cxd3 Rxd3 38. Rc2 Rxc2 39. Qxc2 Rc3 40. Qd1 Qh4 41. Bg2 Rxh3+ 0-1